00513nam a2200193Ia 450000500170000000800410001702000270005804000190008504100120010408200150011610000200013124500350015126000520018630000190023850400190025765000140027665100190029085000100030920230405121811.0140110s9999 xx 000 0 und d a9780324785753cRs 2717 aLoreto College aEnglish a338.5bARN aArnold, Roger A aMicroeconomicscRoger A Arnold aAustraliabSouth-Western Cengage Learningc2010 axxiv,551pbill aIncludes index aEconomics aMicroeconomics aLCLIB